=LDR 00000nam 2200000 4500 =001 $a INLIS000000000008398 =005 $a 20260604110031 =008 $a 260604################g##########0#ind## =022 ##$$a 978-979-044-119-4 =035 ##$$a 0010-0626000025 =082 ##$$a 618.2 =084 ##$$a 618.2 HOL b =100 #$$a Holmes, Debbie =245 ##$$a Buku Ajar Ilmu Kebidanan $b - $c Debbie Holmes =247 ##$$a =260 ##$$a Jakarta $b EGC $c 2008 =300 ##$$a xviii; 349hlm $b ilus $c 24cm $e =310 ##$$a =321 ##$$a =520 #$$a Isi buku ini meliputi peran bidan dalam asuhan maternitas modern, konsepsi dan implantasi, fisiologi kehamilan, persalinan, dan pelahiran, pertumbuhan dan perkembangan normal janin, asuhan antenatal, penyakit, gangguan dan penyulit, kedaruratan dan neonatus. =650 #$$a kebidanan =700 #$$a Baker N, philip =856 ##$$a =Wor $a 1